Digitálna marketingová startégia pre eventovú agentúru diplomová práca

Enregistré dans:
Détails bibliographiques
Auteur principal: Stanková, Lucia
Collectivité auteur: Obchodná fakulta EU. Katedra marketingu
Autres auteurs: Kuchta, Martin, 1990-
Format: Livre
Langue:slovaque
Publié: Bratislava 2023
Tags: Ajouter un tag
Pas de tags, Soyez le premier à ajouter un tag!

MARC

LEADER 00000nbm a2200000 4500
001 0293748
005 20231219143247.6
041 0 |a slo 
044 |a SK 
245 1 0 |a Digitálna marketingová startégia pre eventovú agentúru  |b diplomová práca  |c Lucia Stanková ; školiteľ: Martin Kuchta 
264 1 |a Bratislava  |c 2023 
300 |a 85 s. 
100 1 |a Stanková, Lucia 
700 1 |a Kuchta, Martin, 1990- 
710 2 |a Obchodná fakulta EU. Katedra marketingu